000
00396nam a2200169Ia 4500
003
OSt
005
20251204114206.0
008
250729s1993 xx 000 0 und d
040
_c
AL
041
_a
kan
082
_a
020.2 VIKV
245
_a
ವಿಜ್ನಾನ ಭಾಗ -2
260
_a
ಬೆಂಗಳೂರು
_c
1993
300
_a
53p
650
_a
Science
_9
225582
942
_2
ddc
_c
BED
999
_c
236987
_d
236987